Movies Cut Off at M Quiz Stats

Quiz Updated Aug 12, 2014

Challenge
Share
Tweet
Embed
Score 0/30 Timer 06:00
4 Plays Today
Cut Off at M Movie Title % Correct
Happy GilHappy Gilmore
96.5%
Sweet HoSweet Home Alabama
96.1%
Pretty WoPretty Woman
96%
Bruce AlBruce Almighty
94.7%
Private BenjaPrivate Benjamin
94.2%
Behind EneBehind Enemy Lines
91.9%
Three AThree Amigos!
90.8%
ThelThelma & Louise
90.3%
The Ten CoThe Ten Commandments
89%
The Good GerThe Good German
89%
Patriot GaPatriot Games
88.7%
The AddaThe Addams Family
86.2%
3:10 to Yu3:10 to Yuma
84.8%
Diary of a WiDiary of a Wimpy Kid
83.7%
Definitely,Definitely, Maybe
82.8%
Cut Off at M Movie Title % Correct
Four ChristFour Christmases
82.2%
Chasing AChasing Amy
79.2%
Deep IDeep Impact
76.6%
21 Gra21 Grams
75.3%
The Last EThe Last Emperor
71.9%
The Golden CoThe Golden Compass
71.9%
RushRushmore
68.2%
Double IndeDouble Indemnity
65.1%
VideodroVideodrome
64.6%
QuantuQuantum of Solace
63.9%
Waiting for GuffWaiting for Guffman
58.3%
The King of CoThe King of Comedy
52.6%
Blood SiBlood Simple
47.4%
Battleship PoteBattleship Potemkin
36.9%
RashoRashomon
24.9%

You're not logged in!

Compare scores with friends on all Sporcle quizzes.
Join for Free
OR
Log In

You Might Also Like...

Show Comments

Extras

Top Quizzes Today


Score Distribution

Your Account Isn't Verified!

In order to create a playlist on Sporcle, you need to verify the email address you used during registration. Go to your Sporcle Settings to finish the process.

Report this User

Report this user for behavior that violates our Community Guidelines.

Details: